| 000 -LEADER |
| fixed length control field |
00417nam a22001577a 4500 |
| 005 - DATE AND TIME OF LATEST TRANSACTION |
| control field |
20230811145849.0 |
| 008 - FIXED-LENGTH DATA ELEMENTS--GENERAL INFORMATION |
| fixed length control field |
230811s1976 pl ||||| |||| 00| 0 Pau d |
| 020 ## - INTERNATIONAL STANDARD BOOK NUMBER |
| International Standard Book Number |
9631310140 |
| 041 ## - LANGUAGE CODE |
| Language code of text/sound track or separate title |
pau |
| 080 ## - UNIVERSAL DECIMAL CLASSIFICATION NUMBER |
| Universal Decimal Classification number |
902/904 P-78 |
| 100 ## - MAIN ENTRY--PERSONAL NAME |
| Personal name |
Poczy, Klara |
| 9 (RLIN) |
19664 |
| 245 ## - TITLE STATEMENT |
| Title |
Pannoniai Varosok / |
| Statement of responsibility, etc. |
Klara Poczy. |
| 264 ## - PRODUCTION, PUBLICATION, DISTRIBUTION, MANUFACTURE, AND COPYRIGHT NOTICE |
| Place of production, publication, distribution, manufacture |
Budapest : |
| Name of producer, publisher, distributor, manufacturer |
Athenaeum Nyomda, |
| Date of production, publication, distribution, manufacture, or copyright notice |
1976. |
| 300 ## - PHYSICAL DESCRIPTION |
| Extent |
92 p. : |
| Other physical details |
ill.; |
| Dimensions |
28 cm. |
| 942 ## - ADDED ENTRY ELEMENTS (KOHA) |
| Source of classification or shelving scheme |
|
| Koha item type |
წიგნი |